Előadások a vallás és az ateizmus történetéről

Elmentve itt :
Bibliográfiai részletek
Szerző: Trencsényi-Waldapfel Imre
Testületi szerző: Eötvös Loránd Tudományegyetem (Budapest)
További közreműködők: Dobrovits Aladár
Hahn István
Adatforrás:Philobibl
Dokumentumtípus: Könyv
Nyelv:magyar
Megjelent: Budapest ELTE 1960
LEADER 00683namaa22001571ca4500
001 bibPHI0040075
005 20200924124252.7
008 100323s1960 hu 000 0 hun d
100 2 |a Trencsényi-Waldapfel Imre 
245 1 0 |a Előadások a vallás és az ateizmus történetéről  |c Trencsényi-Waldapfel Imre, Dobrovits Aladár, Hahn István 
260 |a Budapest  |b ELTE  |c 1960 
700 1 |a Dobrovits Aladár 
700 1 |a Hahn István 
710 2 |a Eötvös Loránd Tudományegyetem (Budapest)  |4 közread. 
774 0 |t Előadások a vallás és az ateizmus történetéről. 1. [köt.].  |w bibPHI0040075aa 
774 0 |t Előadások a vallás és az ateizmus történetéről. 2. [köt.].  |w bibPHI0040075ab